Phê bình, bình luận văn học; T37 Nguyễn Công Trứ, Cao Bá Quát

সংরক্ষণ করুন:
গ্রন্থ-পঞ্জীর বিবরন
বিন্যাস: গ্রন্থ
ভাষা:Undetermined
প্রকাশিত: Khánh Hòa Nxb. Tổng hợp Khánh Hòa 1992
বিষয়গুলি:
ট্যাগগুলো: ট্যাগ যুক্ত করুন
কোনো ট্যাগ নেই, প্রথমজন হিসাবে ট্যাগ করুন!
Thư viện lưu trữ: Trung tâm Học liệu Trường Đại học Cần Thơ
LEADER 00516nam a2200157Ia 4500
001 CTU_8857
008 210402s9999 xx 000 0 und d
082 |a 809 
082 |b Ph250/T37 
245 0 |a Phê bình, bình luận văn học; T37 
245 0 |b Nguyễn Công Trứ, Cao Bá Quát 
260 |a Khánh Hòa 
260 |b Nxb. Tổng hợp Khánh Hòa 
260 |c 1992 
650 |a vietnamese literature - history and criticism 
980 |a Trung tâm Học liệu Trường Đại học Cần Thơ